Statistics for Clone Wars Quiz

Click here to take the quiz!

General Stats

  • This quiz has been taken 241 times
  • The average score is 31 of 37

Answer Stats

HintAnswer% Correct
Anakin's ApprenticeAhsoka Tano
100%
The Chosen OneAnakin Skywalker
100%
Has the High GroundObi Wan Kenobi
99%
Former Naboo QueenPadmé Amidala
99%
Captain of the 501st LegionCaptain Rex
98%
Red DathomirianDarth Maul
98%
Grand Master of the Jedi CouncilYoda
98%
Nightsister Assassin trained by DookuAsajj Ventress
97%
Son of Jango FettBoba Fett
97%
WookieChewbacca
95%
Blue Astromech DroidR2-D2
95%
Leader of the 212th Attack BattalionCommander Cody
94%
Former Jedi Turned Sith ApprenticeCount Dooku
94%
Blue Faced Bounty HunterCad Bane
91%
Duchess of MandaloreSatine Kryze
91%
The Phantom MenaceSheev Palpatine
91%
"Mesa Your Humble Servant"Jar Jar Binks
90%
Human Cyborg RelationsC-3PO
89%
Yellow DathomirianSavage Opress
89%
Cyborg Separatist StrategistGeneral Grievous
88%
Rodian Bounty Hunter - Didn't Shoot FirstGreedo
88%
Wields An Amethyst-Bladed LightsaberMace Windu
88%
Obi Wan's Former MasterQui-Gon Jinn
85%
Nautolan Jedi MasterKit Fisto
83%
Leader of Death WatchPre Vizsla
83%
Padawan to Luminara UnduliBarriss Offee
77%
Tall Head Jedi MasterKi-Adi-Mundi
77%
Kel Dor Jedi MasterPlo Koon
76%
Blue Twi'lek Jedi MasterAayla Secura
75%
Viceroy of the Trade FederationNute Gunray
75%
Leader of the NightsistersMother Talzin
74%
Togruta Jedi MasterShaak Ti
71%
Trandoshan Bounty HunterBossk
70%
Founded the Rule of TwoDarth Bane
69%
Green-Skinned MirialanLuminara Unduli
61%
Kiffar Jedi TrackerQuinlan Vos
34%
Senator of AlderaanBale Organa
27%

Score Distribution

Percentile by Number Answered

Percent of People with Each Score

Your Score History

You have not taken this quiz